000
00295nam a2200121Ia 4500
008
241028s9999 xx 000 0 und d
041
_a
eng
082
_a
658.8 GEN
100
_a
Genco
245
_a
Neuromarketing For Dummies
260
_b
Wiley India
_a
New Delhi
_c
2013
300
_a
392;. P. 23 cm
999
_c
43037
_d
43037